Những điều kỳ lạ trong thế giới vi sinh vật

Gorde:
Xehetasun bibliografikoak
Egile nagusia: Vũ Kim Dũng
Formatua: Liburua
Hizkuntza:Undetermined
Argitaratua: Hà Nội Thanh niên 1984
Gaiak:
Etiketak: Etiketa erantsi
Etiketarik gabe, Izan zaitez lehena erregistro honi etiketa jartzen!
Thư viện lưu trữ: Trung tâm Học liệu Trường Đại học Cần Thơ
LEADER 00512nam a2200181Ia 4500
001 CTU_8200
008 210402s9999 xx 000 0 und d
082 |a 576 
082 |b D513 
100 |a Vũ Kim Dũng 
245 0 |a Những điều kỳ lạ trong thế giới vi sinh vật 
245 0 |c Vũ Kim Dũng 
260 |a Hà Nội 
260 |b Thanh niên 
260 |c 1984 
650 |a microorganisms 
904 |i Minh, 960910 
980 |a Trung tâm Học liệu Trường Đại học Cần Thơ